000 01167 a2200313 4500
999 _c6612
_d6612
020 _a1779002564
050 _aPL8681.4
_bCHI 1996
100 _aChimhundu, Herbert
_emupepeti mukuru
_d1951-
110 _aALLEX Project (University of Zimbabwe)
245 _aDuramanzwi rechiShona /
_cHerbert Chimhundu
264 _aHarare :
_bCollege Press,
_c1999
300 _a xxxiv, 504 pages :
336 _2rdacontent
_atext
_btxt
337 _2rdamedia
_aunmediated
_bn
338 _2rdacarrier
_avolume
_bnc
500 _aDuramazwi reChishona. [Harare] : ALLEX Project : College Press, 1996 (OCoLC)654723705 Government publication, National government publication
504 _aIncludes bibliographical references and index
520 _aA Shona dictionary.
650 _aShona language
_xDictionaries
650 _aShona language
700 _aMberi, N. E.
_emupepeti
700 _aBatidzirai, R. B.
_emupepeti
700 _aChitauro, M. B.
_emupepeti
700 _aMangoya, E.
_emupepeti
700 _aMasasire, A.
_emupepeti
700 _aMatambirofa, F.
_emupepeti
710 _aALLEX Project (University of Zimbabwe)
942 _2lcc
_cREF
_h8681.4
_iCHI
_kPL